International Case Studies in Innovation and Entrepreneurship in Tourism
Gespeichert in:
| Weitere Verfasser: | , , |
|---|---|
| Format: | Buch |
| Sprache: | Englisch |
| Veröffentlicht: |
Abingdon
Routledge/Taylor & Francis Group
2024
|
| Ausgabe: | 1st Edition |
| Schlagworte: | |
| Tags: |
Keine Tags, Fügen Sie das erste Tag hinzu!
|
MARC
| LEADER | 00000nam a2200000 4500 | ||
|---|---|---|---|
| 001 | 0304901 | ||
| 005 | 20241105135702.4 | ||
| 020 | |a 9781040015117 | ||
| 041 | 0 | |a eng | |
| 044 | |a GB | ||
| 245 | 1 | 0 | |a International Case Studies in Innovation and Entrepreneurship in Tourism |c Edited by: Antónia Correia, José Dias Lopes and Miguel Portugal |
| 250 | |a 1st Edition | ||
| 264 | 1 | |a Abingdon |b Routledge/Taylor & Francis Group |c 2024 | |
| 300 | |a 238 s. | ||
| 500 | |a ProQuest e-books. | ||
| 610 | 2 | 0 | |a ruch cestovný |
| 610 | 2 | 0 | |a manažment destinačný |
| 610 | 2 | 0 | |a podnikanie |
| 610 | 2 | 0 | |a inovácie technologické |
| 610 | 2 | 0 | |a rozvoj trvalo udržateľný |
| 700 | 1 | |a Correia, Antónia | |
| 700 | 1 | |a Dias Lopes, José | |
| 700 | 1 | |a Portugal, Miguel | |